000 00263nam a22001097a 4500
082 _a894.812.3
_bVIJ/O V
100 _aVIJAYAN O V
245 _aKHASAKINTE ITHIHASAM
246 _aKHASAKINTE ITHIHASAM
_bKHASAKINTE ITHIHASAM
650 _aMALAYALAM NOVEL
942 _cBK
999 _c8893
_d8893